| 000 | 01259nam a2200301 a 4500 | ||
|---|---|---|---|
| 001 | BRCA_229 | ||
| 005 | 20190320202927.0 | ||
| 008 | 990112s1998 mx-a---###---#000-0#spa-# | ||
| 020 | _a9687193158 | ||
| 040 |
_aDLC _cDLC |
||
| 041 | _aspaeng | ||
| 050 | 4 |
_aG1549.M4 _b.M39 1998 |
|
| 100 | 1 |
_aMayer, Roberto L. _9786 |
|
| 245 | 1 | 0 |
_aPoblaciones mexicanas, planos y panoramas, siglos XVI al XIX = Mexican towns, plans and panoramas, 16th to 19th centuries _cRoberto L. Mayer ; contribuciones especiales de Elías A. Trabulse ; editor Mario de la Torre. |
| 260 |
_aMéxico _bSmurfit Cartón y Papel de México _c1998 |
||
| 300 |
_a347 p. _bil. a color, mapas _c32 cm. |
||
| 440 | 0 |
_aColección CPM [Cultura y Pasado de México] _9764 |
|
| 500 | _aContiene información sobre piezas de la Colección Franz Mayer : p. 28, 67, 73, 123, 141, 144-145, 173, 243, 275, 277 y 338 | ||
| 546 | _aTexto en : español e inglés | ||
| 650 | 1 | 4 |
_aCiudades y pueblos _xHistoria _zMéxico _9787 |
| 650 | 1 | 4 |
_aUrbanismo _9788 |
| 650 | 1 | 4 |
_aCartografía _9789 |
| 650 | 1 | 4 |
_aPintura paisajista mexicana _9790 |
| 700 | 1 |
_aTorre, Mario de la _9791 |
|
| 700 | 1 |
_aTrabulse, Elías A _9792 |
|
| 740 | 0 | _aMexican towns, plans and panoramas, 16th to 19th centuries | |
| 942 |
_2lcc _cB |
||
| 999 |
_c186 _d186 |
||